000 01490cad a22002895a 4500
001 L159535
008 160318s2017 xxk f 000 0 eng d
035 _a(Sirsi) u159535
041 0 _aeng
050 0 4 _a627.4 $2 18
110 2 _aChartered Institution of Water and Environmental Management
_94489
245 0 2 _aA Place for SuDS
_bAssessing the effectiveness of delivering multifunctional sustainable drainage
_h[electronic resource]
260 _bCIWEM
_c2017
520 _aIndependent, UK-wide survey of sustainable urban drainage systems (SuDS) sets out new evidence on the quality of sustainable drainage in England and the recommendations for increasing uptake and upkeep of SuDS in a quick, affordable way. Key report findings include: the costs and especially the benefits of implementing SuDS are not being assessed, where SuDS have been provided, opportunities to ensure there are multiple benefits are often missed, adoption and future maintenance are the greatest problems to be resolved.
590 _aKA
650 2 4 _aSUSTAINABLE URBAN DRAINAGE SYSTEMS
650 2 4 _aDRAINAGE SYSTEMS
650 2 4 _aSURFACE WATER
650 2 4 _aDEVELOPMENT-SUSTAINABLE
651 4 _aUnited Kingdom
690 _aSustainability
_96271
700 1 _aGrant, Laura
700 1 _aChisholm, Alastair
700 1 _aBenwell, Richard
856 4 0 _uhttps://www.ciwem.org/wp-content/uploads/2017/10/A-Place-for-SuDS-Online.pdf
_zView the item free of charge at www.gov.uk
942 _n0
999 _c115981
_d115981